Morfológia obrobených povrchov určených na biomedicínske účely

Gespeichert in:
Bibliographische Detailangaben
1. Verfasser: Zajac, Ján (Verfasst von)
Weitere Verfasser: Šugár, Peter (Betreuung Doktorarbeit)
Format: Manuskript Buch
Sprache:Slowakisch
Veröffentlicht: 2023
Schlagworte:
Online-Zugang:http://is.stuba.sk/zp/portal_zp.pl?podrobnosti=164081
Tags: Tag hinzufügen
Keine Tags, Fügen Sie das erste Tag hinzu!

MARC

LEADER 00000ntm a22000003a 4500
001 stuzp93678
003 SK-STU
005 20230909215740.4
007 ta
008 150427s2015----xo-----f-mn---000-0-slo-d
040 |a STU  |b slo 
041 0 |a slo 
100 1 |a Zajac, Ján  |u 063000  |4 aut  |U MTF Materiálovotechnologická fakulta  |T MTF Ústav výrobných technológií  |X 111886  |U M3000  |Y 83  |7 111886 
242 0 1 |a Morphology of machined surfaces for biomedical application  |y eng 
245 1 0 |a Morfológia obrobených povrchov určených na biomedicínske účely 
260 |c 2023 
650 4 |a drsnosť povrchu  |2 slo 
650 4 |a integrita povrchu  |2 slo 
650 4 |a biokompatibilné materiály  |2 slo 
650 4 |a surface roughness  |2 eng 
650 4 |a surface integrity  |2 eng 
650 4 |a biocomatible materials  |2 eng 
700 1 |a Šugár, Peter  |u 063200  |k Z1  |4 ths  |U MTF Ústav výrobných technológií  |T MTF Katedra obrábania a počítačovej podpory technológií  |X 3552  |U M3200  |Y 164  |7 A000003552 
856 4 |u http://is.stuba.sk/zp/portal_zp.pl?podrobnosti=164081 
996 |c M* BP-9709  |l MMSKP  |s P  |a 0  |w stuzp93678_0001